000 00906nam a22002297a 4500
999 _c5957
_d5957
003 AR-CdUCM
008 190313b ||||| |||| 00| 0 spa d
040 _aMUNICIPALIDAD PROVINCIAL DEL CUSCO
_cBIBLIOTECA MUNICIPAL DEL CUSCO
082 _a869.56 /
_bS66
100 _aSologuren, Javier
_95554
245 _aPoesía del Perú :
_bDe la época precolombina al modernismo /
260 _aBuenos Aires :
_bEditorial universitaria de Buenos Aires,
_c1964.
300 _a116 páginas ;
_c17 cm.
440 _aSerie del nuevo mundo.
_910190
500 _aDonación familia Nieto
505 _aContenido: Poesía del Perú -- A Wiracocha -- Ljmacha -- Ollantay -- Eternamente viviente Dios -- Apu Inca Atawallpaman -- Cristalino río -- El ischu esta llorando...
650 _aPoesía peruana
_9806
650 _aMariano Melgar
_917098
650 _aAtawallpa
_917480
942 _2ddc
_cLIBROS
945 _adavv